000 00649nas a2200217 4500
001 BR9211097
003 BR-BrBNA
005 20231205093431.0
007 ta
008 230509b bl.|||p| |||| 00| 00por d
040 _aBR-BrBNA
_bpor
_cBiblioteca Nacional de Agricultura
041 _a(Pt)
072 _aF70
100 1 _aRizzini, C.T.
245 1 _aNovos taxons do Brasil nas Loranthaceae e Rutaceae
650 _aRUTACEAE
650 _aTAXONOMIA VEGETAL
773 0 _tRevista Brasileira de Biologia (Brazil)
_xISSN 0034-7108
_g(May 1991), v. 51(2) p. 455-462
_wBR9211097
909 _a202311
_bLúcia
_c55
_dLúcia Elande
942 _2AGRIS
_n0
_cANA
999 _c138306
_d138306